00507nam a2200133Ia 4500008004100000100002000041245008700061245002300148260000900171650003300180856006800213999001900281952007300300160609s9999 xx 000 0 und d aSaborio, Linda. aEmbodying Difference: Scripting Social Images Of The Female Body In Latina Theatre cBy:Linda Saborío c2011 xINTRODUCTION TO THEATRE ARTS uhttp://file.ebook777.com/EmbDifScrSocImaOfTheFemBodInLatThe.pdf c295639d295639 001040aCLbCLd2016-06-09l0r2016-06-09 00:00:00w2016-06-09yCBE